Central Library OPAC University of Rajshahi

Boston : (Record no. 64583)

MARC details
000 -LEADER
fixed length control field 01060nam a2200289 a 4500
001 - CONTROL NUMBER
control field 64583
003 - CONTROL NUMBER IDENTIFIER
rucl marc code BD-RjUL
005 - DATE AND TIME OF LATEST TRANSACTION
control field 20211209081326.0
008 - FIXED-LENGTH DATA ELEMENTS--GENERAL INFORMATION
fixed length control field 170216s1974 nyu b 001 0 eng
020 ## - INTERNATIONAL STANDARD BOOK NUMBER
International Standard Book Number 0379006197
035 ## - SYSTEM CONTROL NUMBER
System control number (BD-RjUL)64713
040 ## - CATALOGING SOURCE
Original cataloging agency DLC
Transcribing agency DLC
Modifying agency DLC
-- BD-RjUL
Language of cataloging eng
041 ## - LANGUAGE CODE
Language code of text/sound track or separate title eng
082 00 - DEWEY DECIMAL CLASSIFICATION NUMBER
Edition number 23
Classification number 974.461
Author mark and year BOS 1978
245 00 - TITLE STATEMENT
Title Boston :
Remainder of title a chronological & documentary history, 1602-1970 /
Statement of responsibility, etc. compiled and edited by George J. Lankevich.
260 ## - PUBLICATION, DISTRIBUTION, ETC. (IMPRINT)
Place of publication, distribution, etc. Dobbs Ferry, N.Y. :
Name of publisher, distributor, etc. Oceana Publications,
Date of publication, distribution, etc. c1974.
300 ## - PHYSICAL DESCRIPTION
Pagination vii, 152 p. ;
Size 24 cm.
490 0# - SERIES STATEMENT
Series statement American cities chronology series
504 ## - BIBLIOGRAPHY, ETC. NOTE
Bibliography, etc Include bibliography and index.
520 ## - SUMMARY, ETC.
Summary, etc. A chronology of important events in Boston's history accompanied by pertinent documents.
651 #0 - SUBJECT ADDED ENTRY--GEOGRAPHIC NAME
Geographic name Boston (Mass.)
General subdivision History
-- Chronology.
9 (RLIN) 191546
Geographic name Boston (Mass.)
General subdivision History
-- Sources.
9 (RLIN) 191547
Geographic name Boston (Mass.)
General subdivision History.
9 (RLIN) 191548
700 ## - ADDED ENTRY--PERSONAL NAME
Personal name Lankevich, George J.
830 ## - SERIES ADDED ENTRY--UNIFORM TITLE
Uniform title American cities chronology series
942 ## - ADDED ENTRY ELEMENTS (KOHA)
Source of classification or shelving scheme Dewey Decimal Classification
Koha item type Books
Holdings
Lost status Source of classification or shelving scheme Damaged status Not for loan Collection code Permanent Location Current Location Shelving location Date acquired Total Checkouts Full call number Date last seen Copy number Koha item type
  Dewey Decimal Classification   Not For Loan Non-fiction Central Library, University of Rajshahi Central Library, University of Rajshahi Reading Room 22/06/1989   974.461 BOS 1978 16/02/2017 C-1 Books